000
00276nam a2200121Ia 4500
008
190216s9999||||xx |||||||||||||| ||und||
100
_a
Francis Saviar
245
0
_a
Engum Chagum
260
_b
Poorna Pubs Kozhikode
_c
1984
300
_a
116
650
_a
Lekhanam
942
_c
BK
999
_c
28265
_d
28265